| 000 | 00548nam a2200205Ia 4500 | ||
|---|---|---|---|
| 005 | 20250505145728.0 | ||
| 008 | 008 250505s9999 xx 000 0 eng d | ||
| 037 | _aTextbook | ||
| 040 |
_aFML _beng _cFML |
||
| 041 |
_aeng _2eng |
||
| 084 |
_aNR44w M38 r4 _qFML |
||
| 100 |
_aPuri, Ina _9754292 |
||
| 245 | 0 | _aShiv Kumar Sharma : The Man's His Music | |
| 260 |
_aDelhi _bNiyogi Book _c2014 |
||
| 300 | _a187p | ||
| 365 |
_aINR _b1250 |
||
| 650 | _aMusic | ||
| 942 |
_cTB _hNR44w M38 r4 |
||
| 999 |
_c1311649 _d1311649 |
||